| 000 | 02101nam a2200409 c 4500 | ||
|---|---|---|---|
| 003 | BLK | ||
| 005 | 20241109134601.0 | ||
| 008 | 180408b bul|||||r ||||||| ||bul|| | ||
| 010 | _aKNG00094400000 | ||
| 020 |
_a978-954-431-389-0 _bиздат.: Златното пате |
||
| 040 | _aBLK | ||
| 041 |
_aBUL _cBUL |
||
| 080 |
_aТяга на влаковете. Подвижен състав. Локомотиви. Вагони. Вж и 625.1/.5; 656.2/.4 _b629.4 _x(02.053.2) _z629.4(02.053.2) |
||
| 080 |
_aЕксплоатация на железопътния транспорт (Вж и 625.1 ; 629.4) _b656.2 _x(02.053.2) _z656.2(02.053.2) |
||
| 700 | 1 |
_aЧерненко, Генадий Трофимович _eтекст _9303040 |
|
| 700 | 1 |
_aКачин, Александър _eпрев. от рус. _9365705 |
|
| 700 | 1 |
_aКанивец, Татяна Владимировна _eил. _976010 |
|
| 139 |
_aЧерненко, Генадий Трофимович _bЧ 70 |
||
| 245 | 1 | 0 |
_aВлакове _bВ помощ на ученика _cтекст Генадий Трофимович Черненко; прев. от рус. Александър Качин; ил. Татяна Владимировна Канивец. |
| 257 | _aRUS | ||
| 260 |
_аСофия _bЗлатното пате _c2008 _fСофия : Образование и наука |
||
| 300 |
_a96 с. _bс цв. ил. _c25 см |
||
| 380 | _aDN | ||
| 490 | 1 |
_aПоредица Опознай света _vКн. 6 |
|
| 500 | _aБез сведение за ориг. загл. - Авт. отбелязан в библиогр. каре. | ||
| 650 | 4 |
_aВлакове _9150914 |
|
| 650 | 4 |
_aТранспорт, железопътен _9279351 |
|
| 653 | _aвлакове | ||
| 653 | _aжелезопътен транспорт | ||
| 653 | _aдетска литература | ||
| 852 | _aЦб 247241 | ||
| 856 | 4 |
_qpdf _u |
|
| 856 | 4 |
_qpdf _u |
|
| 942 |
_cKNG _n0 _019 |
||
| 944 |
_aCR _c16.02.2010 _lРадостина Карадакова _k30534 |
||
| 944 |
_aED _c22.02.2016 _lф / _kЛюдмила_Стоянова |
||
| 999 |
_c89699 _d89699 |
||